00887nam a22002775a 450000500170000000800410001701000140005802000270007202000240009903500130012303500170013603500130015303700150016603700080018103700220018904000180021108200120022924501270024126000460036827000640041430000230047850000500050165100190055170000200057070000190059020090526121324.0090319s2009 ii b 001 0 eng  aENG-93732 a9780195690859c1295.00 a0195690850c1295.00 aEN-77265 aB-360821-826 aB-379440 aDBAD / PUB aUBH aUppal Book Store  adplbEnglish  a954.022 aInformation and the public sphere :bPersian newsletters from Mughal Delhi /cedited by Margrit Pernau [and] Yunus Jaffery aNew Delhi bOxford University Pressc2009 aYMCA Library Building, Jai Singh Road, bNew Delhi e110001 a480 p. c25cm(Hb)  aIncludes bibliographical references and index aIndiaxHistory aPernau, Margrit aJaffery, Yunus